000
00229nam a2200097Ia 4500
008
230915s9999 xx 000 0 und d
050
_a
BF 39 .A76 1999
100
_a
ARON ARTHUR
245
0
_a
STATISTICS FOR PSYCHOLOGY
942
_c
BK
999
_c
63999
_d
63999